000 00577nam a2200229Ia 4500
003 OSt
005 20220927110420.0
006 a|||||r|||| 00| 0
007 ta
008 220926b |||||||| |||| 00| 0 eng d
024 _a65944
037 _cReports
040 _aRTL
_cRTL
_beng
041 _2eng
_aeng
082 _a"X7.2oj438.N3t, G6/GD"
100 _aWhitehall S W
_9378130
245 0 _aFirst interim report
260 _c1936
650 _aIndia
942 _h"X7.2oj438.N3t, G6/GD"
_cCC
999 _c696628
_d696628